| 000 | 00419cam a2200169ua 4500 | ||
|---|---|---|---|
| 020 | _c8.25 | ||
| 041 |
_amal _h |
||
| 082 |
_a641.3 _bAYK/SA |
||
| 100 | _aAykroyd, W.R . | ||
| 245 |
_aSamikrataharam / _cW.R Aykroyd. _hTextual Documents |
||
| 260 |
_aThiruvananthapuram : _bState Instititute of Languages , _c1972. |
||
| 300 | _a326 ; . | ||
| 365 | _a8.25 | ||
| 504 | _a | ||
| 942 | _cBK | ||
| 999 |
_c6232 _d6232 |
||